Wolfgang Träger

Bibliographic Details
Main Author: Olič, Jiří, 1947- (Author)
Format: Article
Language:Slovak
PhysicalDescription:Fotogr.
ISSN:1336-5932
Subjects:

MARC

LEADER 00000nab a2200000 a 4500
001 vtls008418398
003 SK-MaSNL
005 20260303070044.0
008 140515c2005 xo wr|p|||||||000 b|slo
015 |a SNBRB2005/12  |2 snkbucl 
040 |a SNKBUCL  |b slo  |c SNKBUCL  |e AACR2 
041 0 |a slo 
044 |a xo  |c SK 
080 |a 77.04-051:061.4  |2 1997 
080 |a 929 Träger, Wolfgang  |2 1997 
100 1 |a Olič, Jiří,  |d 1947-  |4 aut  |9 85877 
245 1 0 |a Wolfgang Träger  |c Jiří Olič 
300 |b Fotogr. 
600 1 7 |a Träger, Wolfgang  |d 1957-  |x výstavy  |z Bratislava  |y 2005  |2 snkbucl  |9 1066988 
773 0 |t Týždeň  |g Roč. II, č. 21 (2005), s. 52-53  |x 1336-5932 
852 |a SNK  |b KIS3GCP 
958 |a DE 
958 |a BC 
958 |a SK 
999 |c 1753725  |d 1755655